La ciencia retorna a Dios

Uloženo v:
Podrobná bibliografie
Hlavní autor: Jauncey, J. H.
Médium: Kniha
Jazyk:španělština
Vydáno: Verdad. 1964.
Témata:
Tagy: Přidat tag
Žádné tagy, Buďte první, kdo vytvoří štítek k tomuto záznamu!

MARC

LEADER 00000nam a22000005a 4500
001 1159
003 CL-ChBUA
005 20120815102723.0
008 070301s1964 cl 000 0 spa
040 |a CL-ChBUA  |c CL-ChBUA 
082 0 0 |a 215 
090 |c 1159  |d 1159 
100 1 |a Jauncey, J. H. 
245 1 0 |a La ciencia retorna a Dios 
260 |b Verdad.  |c 1964. 
300 |a 110 p.  |c 20 cm. 
650 4 |a CIENCIA Y RELIGION. 
650 4 |a CREACIONISMO. 
942 |c LIB 
952 |0 0  |1 0  |4 0  |7 0  |9 1558  |a UNACH  |b UNACH  |c 200  |d 2007-03-05  |i 7.956.  |l 5  |m 1  |o 215 / J 41c  |p 2557  |r 2018-11-05 00:00:00  |s 2017-11-15  |u 1558  |w 2012-08-08  |y LIB  |k 215 / J 41c 
999 |c 1159  |d 1159